Broadway Musicals in 120 Seconds - Statistics

General Stats
  • This quiz has been taken 499 times
  • The average score is 13 of 500
Answer Stats
Hint Answer % Correct
Wicked
83%
Hamilton
71%
The Lion King
46%
Chicago
44%
Hair
44%
Cats
43%
Hairspray
39%
Cabaret
36%
Annie
35%
Dear Evan Hansen
34%
Rent
32%
Aladdin
28%
The Sound of Music
27%
The Wiz
27%
Oklahoma
25%
Into the Woods
24%
Grease
21%
Guys and Dolls
21%
West Side Story
21%
Newsies
20%
Fiddler on the Roof
19%
Beauty and the Beast
18%
Book of Mormon
18%
A Chorus Line
17%
My Fair Lady
17%
Sweeney Todd
17%
In the Heights
16%
Avenue Q
14%
Hello Dolly!
14%
Legally Blonde
14%
Little Shop of Horrors
14%
Company
13%
Annie Get Your Gun
12%
Anything Goes
12%
The Music Man
12%
Gypsy
11%
Kinky Boots
11%
The King and I
11%
Cinderella
10%
Funny Girl
10%
Shrek
10%
The Producers
10%
Jersey Boys
9%
Oliver
9%
Once
9%
Anastasia
8%
Dreamgirls
8%
Falsettos
8%
Carousel
7%
Jesus Christ Superstar
7%
Merrily We Roll Along
7%
Pippin'
7%
42nd Street
6%
Aida
6%
Bye Bye Birdie
6%
Little Me
6%
Rocky
6%
Sunday in the Park With George
6%
The Little Mermaid
6%
Kiss Me Kate
5%
Next to Normal
5%
Ragtime
5%
School of Rock
5%
Seussical
5%
Spamalot
5%
1776
4%
A Little Night Music
4%
Camelot
4%
Chess
4%
Follies
4%
Showboat
4%
The Addams Family
4%
The Color Purple
4%
Beautiful
3%
Big
3%
Billie
3%
Catch Me if You Can
3%
Crazy for You
3%
How to Succeed in Business Without Really Trying
3%
Kismet
3%
Mame
3%
Sweet Charity
3%
Tarzan
3%
The Pajama Game
3%
Thoroughly Modern Millie
3%
Xanadu
3%
13
2%
Amelie
2%
Big Fish
2%
Billy Elliot
2%
Bring it On
2%
[Dang] Yankees
2%
Elf
2%
If/Then
2%
Little Women
2%
Man of La Mancha
2%
Nine
2%
Pacific Overtures
2%
Parade
2%
Peter Pan
2%
Redhead
2%
She Loves Me
2%
Spiderman: Turn Off the Dark
2%
The Drowsy Chaperone
2%
Titanic
2%
1985 You're a Good Man Charlie Brown
2%
9 to 5
1%
A Gentleman's Guide to Love and Murder
1%
Ain't Misbehavin
1%
Allegro
1%
All Shook Up
1%
American Idiot
1%
An American in Paris
1%
Anyone Can Whistle
1%
Applause
1%
Babes in Arms
1%
Big River
1%
Brigadoon
1%
Bright Star
1%
Carrie
1%
Chitty Chitty Bang Bang
1%
City of Angels
1%
Contact
1%
Curtains
1%
Fiorello!
1%
Flora the Red Menace
1%
Flower Drum Song
1%
Footloose
1%
Groundhog Day
1%
Jekyll and Hyde
1%
Juno
1%
Kiss of the Spider Woman
1%
La Cage Aux Folles
1%
Meet Me in St Louis
1%
Memphis
1%
No, No, Nanette
1%
On the Town
1%
Pal Joey
1%
Passion
1%
Pipe Dream
1%
Promises, Promises
1%
Purlie
1%
Seven Brides for Seven Brothers
1%
The Frogs
1%
The Full Monty
1%
The Life
1%
The Light in the Piazza
1%
The Lightning Thief
1%
The Scarlet Pimpernel
1%
The Secret Garden
1%
The Wedding SInger
1%
The Who's Tommy
1%
Tuck Everlasting
1%
Woman of the Year
1%
Wonderful Town
1%
Wonderland
1%
110 In the Shade
0%
1492 Up to Date
0%
1600 Pennsylvania Ave
0%
25th Annual Putnam Spelling Bee
0%
70, Girls, 70
0%
About Town
0%
A Broken Idol
0%
Abyssinia
0%
A Catered Affair
0%
A Christmas Story
0%
A Class Act
0%
A Connecticut Yankee
0%
A Conquering Hero
0%
Adele
0%
A Doll's Life
0%
Adonis
0%
A Family Affair
0%
Africana
0%
A Funny Thing That Happened on the Way to the Forum
0%
Ain't Supposed to Die a Natural Death
0%
1917 All Aboard
0%
All American
0%
Alma Where Do You Live?
0%
Alone at Last
0%
Ambassador
0%
Amen Corner
0%
America's Sweetheart
0%
Amour
0%
An Arabian Princess and 40 Thieves
0%
Angel
0%
Animal Crackers
0%
Ankles Aweigh
0%
Anya
0%
Are You With It
0%
1917 Arms and the Girl
0%
Around the World
0%
As the Girls Go
0%
As Thousands Cheer
0%
A Tale of Two Cities
0%
1945 A Tree Grows in Brooklyn
0%
Babes in Toyland
0%
Babette
0%
Baby
0%
Baby It's You
0%
Bajour
0%
Baker Street
0%
Ballroom
0%
Bandanna Land
0%
Banjo Eyes
0%
Barefoot Boy with Cheek
0%
Barnum
0%
Baron Trench
0%
Begger's Holiday
0%
Bells are Ringing
0%
Ben Franklin in Paris
0%
1943 Best Foot Forward
0%
Between the Devil
0%
Big Boy
0%
Billion Dollar Baby
0%
Bloomer Girl
0%
Bombo
0%
Boys from Syracuse
0%
Bravo Giovanni
0%
Breakfast at Tiffany's
0%
Bronx Bombers
0%
Brooklyn
0%
Buddies
0%
Bugs Bunny on Broadway
0%
By Jupiter
0%
By the Beautiful Sea
0%
Cabin in the Sky
0%
Call Me Madam
0%
1981 Revival Can-Can
0%
1974 Revival Candide
0%
Captain Jinks
0%
Carib Song
0%
Carmelina
0%
Carmen Jones
0%
Carnival
0%
Carnival in Flanders
0%
Caroline, or Change
0%
1939 Castles in the Air
0%
Celebration
0%
1934 Chee-Chee
0%
Chin Chin
0%
Chris and the Wonderful lamp
0%
Christine
0%
Chronicle of a Death Foretold
0%
Coco
0%
Come Summer
0%
Copper and Brass
0%
Cry-Baby
0%
Cry for Us All
0%
Cyrano
0%
Dance a Little Closer
0%
Dance with Me
0%
Dancin'
0%
Dangerous Games
0%
Darling of the Day
0%
Dearest Enemy
0%
Dear World
0%
Destry Rides Again
0%
Different Times
0%
Dirty Rotten Scoundrels
0%
Do Black Patent Leather Shoes Really Reflect Up?
0%
Do I Hear a Waltz?
0%
Donnybrook!
0%
Don't Bother Me I Can't Cope
0%
Don't Play Us Cheap
0%
Doonesbury
0%
Do Re Mi
0%
Dracula
0%
Drat! the Cat!
0%
Dr. Suess's How the Grinch Stole Christmas
0%
Dubarry Was a Lady
0%
Dude
0%
Earl Caroll Vanities
0%
Earl of Ruston
0%
Early to Ride
0%
Eileen
0%
El Capitan
0%
Elise
0%
Evangeline, or a Belle of Acadia
0%
Everybody's Welcome
0%
Everyday Rapture
0%
Fanny
0%
Finian's Rainbow
0%
First Date
0%
First Impressions
0%
Flahooley
0%
Flying High
0%
Follow the Girls
0%
Follow Thru
0%
Foxy
0%
Funny Face
0%
Gentleman Prefer Blondes
0%
George M!
0%
Girl Crazy
0%
Glory Days
0%
Golden Boy
0%
Golden Rainbow
0%
Goldilocks
0%
1930 Good News
0%
Good Vibrations
0%
Grand Hotel
0%
Great Lady
0%
Greenwillow
0%
Grind
0%
Hallelujah, Baby!
0%
Hands on a Hardbody
0%
Happy Days
0%
Happy Hunting
0%
Hazel Flagg
0%
Henry, Sweet Henry
0%
Here's Love
0%
Her First Roman
0%
High Button Shoes
0%
High Fidelity
0%
High Society
0%
High Spirits
0%
1930 Hold Everything
0%
Holiday Inn
0%
Hooray for What!
0%
Hot Mikado
0%
House of Flowers
0%
How Now Dow Jones
0%
1951 I Can Get It For You Wholesale
0%
I Do I Do
0%
Illya Darling
0%
I Love My Wife
0%
1942 I Married an Angel
0%
In Dahomey
0%
In Transit
0%
Irene
0%
Is There Life After High School?
0%
Jackpot
0%
Jamaica
0%
James Joyce's the Dead
0%
Jane Eyre
0%
Jelly's Last Jam
0%
John Henry
0%
Juan Darien
0%
Jubilee
0%
Jumbo
0%
Kean
0%
King David
0%
Kissing Time
0%
1944 Knickerbocker Holiday
0%
Kwamina
0%
1941 Lady Be Good
0%
Lady in the Dark
0%
Laughing Room Only
0%
Legs Diamond
0%
Lennon
0%
Lestat
0%
Let My People Come
0%
Li'l Abner
0%
Little Johnny Jones
0%
Look to the Lilies
0%
1974 Lost in the Stars
0%
1976 Lost, Lost, Lost
0%
Love Life
0%
Lovemusik
0%
MacK and Mabel
0%
Make a Wish
0%
Marie Christine
0%
Marinka
0%
Me and Juliet
0%
Merlin
0%
Milk and Honey
0%
Million Dollar Quartet
0%
Movin' Out
0%
Mr. President
0%
Mrs. Patterson
0%
Mr. Wonderful
0%
My One and Only
0%
Mystery of Edwin Drood
0%
Never Gonna Dance
0%
New Girl in Town
0%
No Strings
0%
Of Thee I Sing
0%
Oh Boy Music
0%
Oh, Captain!
0%
Oh, Kay!
0%
On a Clear Day You Can See Forever
0%
Once on the This Island
0%
One Touch of Venus
0%
On the Twentieth Century
0%
On Your Toes
0%
Out of This World
0%
Over Here!
0%
Paint Your Wagon
0%
1942 Panama Hattie
0%
Paramour
0%
Paris
0%
Passing Strange
0%
Pirate Queen
0%
Plain and Fancy
0%
Play On!
0%
Pump Boys and Dinettes
0%
Quilters
0%
Rags
0%
Raisin
0%
Red, Hot and Blue
0%
Red Pepper
0%
Red, White, and Maddox
0%
Rex
0%
Romance/Romance
0%
Rosalie
0%
Runaways
0%
Sally
0%
Sarafina
0%
Saratoga
0%
Say, Darling
0%
Scandalous
0%
Seesaw
0%
Shenandoah
0%
1970 Shinbone Alley
0%
Side Show Broadway
0%
Silk Stockings
0%
Skyscraper
0%
Smokey Joe's Cafe
0%
Sophisticated Ladies
0%
Spring Awaking
0%
Starmites
0%
1934 St. Louis Woman
0%
Subways Are For Sleeping
0%
Sugar
0%
Sugar Babies
0%
Sweet Smell of Success
0%
Take Me Along
0%
Tap Dance Kid
0%
Tenderloin
0%
Texas Lil Darlin
0%
The Act
0%
The Adventures of Tom Sawyer
0%
The Apple Tree
0%
The Baron of Fiddlesticks
0%
The Belle of New York
0%
The Black Crook
0%
The Blonde in Black
0%
The Blue Kitten
0%
The Blue Paradise
0%
The Body Beautiful
0%
The Boy from Oz
0%
The Bridges of Maison County
0%
The Candy Shop
0%
The Capeman
0%
The Casino Girl
0%
1934 The Cat and the Fiddle
0%
The Cat and the Fiddle: A Nursery Rhyme Undone and Its Scandalous Secret
0%
The Chocolate Dandies
0%
The Civil War
0%
The Coconauts
0%
The Cradle Will Rock
0%
The Dangerous Maid
0%
The Day Before Spring
0%
The Desert Song
0%
The District Leader
0%
The Education of Hyman Kaplan
0%
The Enchantress
0%
The Five O'Clock Girl
0%
The Gershwin's Porgy and Bess
0%
The Girl Behind the Gun
0%
The Girl Who Came to Supper
0%
The Goodbye Girl
0%
The Grand Tour
0%
The Grass Harp
0%
The Great Waltz
0%
The Happiest Girl in the World
0%
The Happy Time
0%
The Human Comedy
0%
The Lady Comes Across
0%
The Lieutenant
0%
The Me Nobody Knows
0%
The Most Happy Fella
0%
The Red Shoes
0%
The Robber Bridegroom
0%
The Rothschilds
0%
The Unsinkable Molly Brown
0%
The Well of Romance
0%
The Wild Party
0%
The Will Rogers Follies
0%
The Wind in Willows
0%
They're Playing Our Song
0%
Thou Shalt Not
0%
Three Wishes For Jamie
0%
Timbuktu!
0%
[Title of Show]
0%
Triumph of Love
0%
Two by Two
0%
Two Gentleman of Verona
0%
Urban Cowboy
0%
Utter Glory of Morrissey Hall
0%
Very Good, Eddie
0%
Very Warm for May
0%
Victor/Victoria
0%
Violet
0%
Walking Happy
0%
What Makes Sammy Run?
0%
Where's Charley
0%
Whoop-Up
0%
Wildcat
0%
Wish You Were Here
0%
No matching quizzes found
Score Distribution
Percent of People with Each Score
Percentile by Number Answered
Your Score History
You have not taken this quiz